Ανάλυση ιζηματοδυναμικών δεδομένων από ελληνικές παραλίες : πτυχιακή εργασία

Αποθηκεύτηκε σε:
Λεπτομέρειες βιβλιογραφικής εγγραφής
Κύριος συγγραφέας: Αναγνωστόπουλος, Φίλιππος
Συγγραφή απο Οργανισμό/Αρχή: Πανεπιστήμιο Αιγαίου Σχολή Περιβάλλοντος Τμήμα Επιστημών της Θάλασσας
Άλλοι συγγραφείς: Βελεγράκης, Αντώνιος Φ. (Εισηγητής διατριβής)
Μορφή: Thesis Βιβλίο
Γλώσσα:Greek
Δημοσίευση: 2009
Θέματα:
Διαθέσιμο Online:http://hdl.handle.net/11610/7063
Ετικέτες: Προσθήκη ετικέτας
Δεν υπάρχουν, Καταχωρήστε ετικέτα πρώτοι!

MARC

LEADER 00000cam a2200000 i 4500
001 1/7854
008 100527s2009 gre d
035 |l 10108020 
040 |a GR-MY-UA  |b gre  |e aacr 
041 0 |a gre 
082 0 |a 551.457  |2 (22) 
100 1 |a Αναγνωστόπουλος, Φίλιππος. 
245 1 0 |a Ανάλυση ιζηματοδυναμικών δεδομένων από ελληνικές παραλίες :  |b πτυχιακή εργασία /  |c Φίλιππος Αναγνωστόπουλος ; [επιβλέπων καθηγητής: Βελεγράκης Αντώνης] 
260 |c 2009 
300 |a 104 σ.;  |b εικ.;  |c 30 εκ. 
502 |a Πτυχιακή εργασία – Πανεπιστήμιο Αιγαίου, Λέσβος, 2009. 
504 |a Βιβλιογραφία: σ. 87-89 
650 0 0 |a Sedimentation and deposition. 
650 0 0 |a Marine geophysics. 
650 0 0 |a Littoral drift. 
650 0 0 |a Chemical oceanography. 
650 0 0 |a Dissertations, Academic  |z Greece. 
700 1 |4 ths  |a Βελεγράκης, Αντώνιος Φ. 
710 2 |a Πανεπιστήμιο Αιγαίου  |b Σχολή Περιβάλλοντος  |b Τμήμα Επιστημών της Θάλασσας. 
852 |a INST  |b LESVOS  |c DIATR  |e 20100527  |h 415  |p 005100046246  |q 005100046246  |t DIE  |y 23 
852 |a INST  |b LESVOS  |c DIATR  |e 20100527  |h 416  |p 005100047617  |q 005100047617  |t DIE  |y 23 
856 |u http://hdl.handle.net/11610/7063 
901 |a BIBL1-2010-2 
909 |a Λ  |b 164344 
909 |a Λ  |b 164345 
924 |a ΑΝΑΓΝΩΣΤΟΠΟΥΛΟΣ  |b ΦΙΛΙΠΠΟΣ  |y ΛΕΣΒΟΣ  |z 2009-11 
970 |a ΤΖΑΦΕΡΗ  |b ΕΥΑΓΓΕΛΙΑ  |z 2010/05/27